000 00904nam a2200265Ia 4500
005 20220317001109.0
008 160825s2006 ck a g 000 0 spa
020 _a97895830003012
082 0 4 _a796.346
_bP27t
100 1 _aPerea Rosero, Tucídides
_d1933-
245 1 0 _aTenis de mesa
_cTucídes Perea Rosero ; ilustrado por Mauricio Osorio S
250 _a6a. reimpresión
300 _a98 páginas
_bilustraciones en blanco y negro
_c16 cm
490 _aReglamento oficial ilustrado
500 _aIncluye índice
650 1 4 _2LEMB
_aTenis de mesa
_xEnseñanza
650 1 4 _2LEMB
_aTenis de mesa
_xEstrategia y técnicas
700 1 _aOsorio S., Mauricio
_965991
942 _2ddc
_cBK
264 _aBogotá
_bPanamericana
_c2006
336 _atexto
_btxt
_2rdacontent
337 _asin mediación
_bn
_2rdamedia
338 _avolumen
_bnc
_2rdacarrier
040 _aCO-BoRNBP
_bspa
_erda
_cCO-BoRNBP
999 _c5919
_d5919